| 000 | 00353nam a2200157Ia 4500 | ||
|---|---|---|---|
| 008 | 210210b1937 xxu||||| |||| 00| 0 eng d | ||
| 041 | _aeng | ||
| 082 | _a829/886 | ||
| 100 | _aRHODE (John) | ||
| 245 | _aRobthorne mystery | ||
| 260 |
_aLondon _b- _c1937 |
||
| 650 | _aRobthorne | ||
| 650 | _amystery | ||
| 690 | _aEnglish Fiction | ||
| 906 | _a017501 | ||
| 999 |
_c137468 _d137468 |
||